书目信息 |
| 题名: |
大学生生理与心理健康教育
|
|
| 作者: | 章明明 主编 | |
| 分册: | ||
| 出版信息: | 北京 科学出版社 2009.02 |
|
| 页数: | 238页 | |
| 开本: | 23cm | |
| 丛书名: | ||
| 单 册: | ||
| 中图分类: | R167 , B844.2 | |
| 科图分类: | ||
| 主题词: | 大学生--da xue sheng--生理卫生--健康教育--高等学校--教材 , 大学生--da xue sheng--心理卫生--健康教育--高等学校--教材 | |
| 电子资源: | ||
| ISBN: | 978-7-03-023541-1 | |
| 000 | 01080nam0 2200277 450 | |
| 001 | 012009415175 | |
| 005 | 20091128150733.71 | |
| 010 | @a978-7-03-023541-1@dCNY23.00 | |
| 100 | @a20091128d2009 em y0chiy0120 ea | |
| 101 | 0 | @achi |
| 102 | @aCN@b110000 | |
| 105 | @ay a 000yy | |
| 106 | @ar | |
| 200 | 1 | @a大学生生理与心理健康教育@Ada xue sheng sheng li yu xin li jian kang jiao yu@f章明明主编@Fzhang ming ming zhu bian |
| 210 | @a北京@c科学出版社@d2009.02 | |
| 215 | @a238页@d23cm | |
| 300 | @a21世纪高等院校教材 | |
| 320 | @a有书目 (第237-238页) | |
| 330 | @a本书围绕大学生身心发展的一般规律和特点,在阐述大学生生理与心理发展的理论知识的基础上,运用心理学、临床医学及相关学科的方法与技术,结合现实生活中的实际案例,对大学生在身心发展过程中常见的健康问题进行阐 | |
| 606 | 0 | @a大学生@Ada xue sheng@x生理卫生@x健康教育@x高等学校@j教材 |
| 606 | 0 | @a大学生@Ada xue sheng@x心理卫生@x健康教育@x高等学校@j教材 |
| 690 | @aR167@v4 | |
| 690 | @aB844.2@v4 | |
| 701 | 0 | @a章明明@Azhang ming ming@4主编 |
| 801 | 0 | @aCN@bQSSK@c20091128 |
| 905 | @b766764-66@dR167@eZ264@f3 | |
| 大学生生理与心理健康教育/章明明主编.-北京:科学出版社,2009.02 |
| 238页;23cm |
| 21世纪高等院校教材 |
| ISBN 978-7-03-023541-1:CNY23.00 |
| 本书围绕大学生身心发展的一般规律和特点,在阐述大学生生理与心理发展的理论知识的基础上,运用心理学、临床医学及相关学科的方法与技术,结合现实生活中的实际案例,对大学生在身心发展过程中常见的健康问题进行阐 |
| ● |
| 相关链接 |
|
|
|
正题名:大学生生理与心理健康教育
索取号:R167/Z264
 
预约/预借
| 序号 | 登录号 | 条形码 | 馆藏地/架位号 | 状态 | 备注 |
| 1 | 766764 | 207667648 | 自科库401/401自科库 7排2列1层/ [索取号:R167/Z264] | 在馆 | |
| 2 | 766765 | 207667657 | 自科库401/401自科库 7排2列1层/ [索取号:R167/Z264] | 在馆 | |
| 3 | 766766 | 207667666 | 自科库401/401自科库 7排2列1层/ [索取号:R167/Z264] | 在馆 |